Já jsem malé štěňátko : [říkanky pro nejmenší /

Hlavní autor: Benešová, Alena
Jazyk: Čeština
Vydáno: [Říčany u Prahy] : Junior, [1999]
Vydání: Čes. vyd.
Fyzický popis: [27] s. : bar. obr. ; 25 cm
Knihy
Uloženo v:
LEADER 01002nam a2200289 a 4500
001 000269727
003 CZ BrMZK
005 20070719095133.0
007 ta
008 010907s1999 xr f cze d
015 |a cnb000655610 
020 |a 80-86090-71-X 
035 |a (OCoLC)42975379 
040 |a BOA001  |b cze 
041 1 |a cze  |h fre 
100 1 |a Benešová, Alena  |7 jk01011655  |4 aut 
245 1 0 |a Já jsem malé štěňátko :  |b [říkanky pro nejmenší /  |c verše Alena Benešová] 
250 |a Čes. vyd. 
260 |a [Říčany u Prahy] :  |b Junior,  |c [1999] 
300 |a [27] s. :  |b bar. obr. ;  |c 25 cm 
500 |a Přeloženo z francouzštiny 
765 0 |t À deux et quatre pattes  |9 Česky 
910 |a BOA001  |b 3-1062.774  |b PK-0131.488 
990 |a BK 
991 |b 200707 
996 6 |b 2610098646  |c 3-1062.774  |l MZK  |r Sklad / do 1 hodiny  |n 5  |p p.v.  |w 000269727  |u 000010  |a 1  |e BOA001  |j MZK50  |s P 
996 7 |b 3119015698  |c PK-0131.488  |l MZK  |r Sklad / do 1 hodiny  |n 4  |p kup  |w 000269727  |u 000030  |a 1  |e BOA001  |j MZK50  |s A